La recherche géologique à Madagascar : de 1948 à 1958 /
Saved in:
| Main Author: | |
|---|---|
| Format: | Book |
| Language: | French |
| Published: |
Tanarive :
Imprimerie Officielle,
1960.
|
| Subjects: | |
| Tags: |
Add Tag
No Tags, Be the first to tag this record!
|
| LEADER | 00865nam a2200229Ia 4500 | ||
|---|---|---|---|
| 001 | 001047664-4 | ||
| 005 | 20020606090541.3 | ||
| 008 | 830217s1960 mg ab b f00010 fre d | ||
| 035 | 0 | |a ocm09232103 | |
| 040 | |a MCS |c MCS | ||
| 043 | |a f-mg--- | ||
| 050 | 0 | 4 | |a QE330 |b .B39 |
| 100 | 1 | |a Besairie, Henri. | |
| 245 | 1 | 3 | |a La recherche géologique à Madagascar : |b de 1948 à 1958 / |c par Henri Besairie. |
| 260 | 0 | |a Tanarive : |b Imprimerie Officielle, |c 1960. | |
| 300 | |a 55 p. : |b ill., maps ; |c 27 cm. | ||
| 500 | |a At head of title: République Malgache, Ministére des mines et de l'énergie, Service géologique. | ||
| 504 | |a Bibliography: p. 42-44. | ||
| 650 | 0 | |a Geological surveys |z Madagascar. | |
| 776 | 0 | 8 | |i Online version: |a Besairie, Henri. |t Recherche géologique à Madagascar. |d Tanarive : Imprimerie Officielle, 1960 |w (OCoLC)957016512 |
| 988 | |a 20020608 | ||
| 906 | |0 MH | ||


